Effect of redox treatments on activation and deactivation of gold nanospecies on different supports; Proceedings of 15th International Congress on Catalysis, Munich, July 1-6, 2012

Detalles Bibliográficos
Parent link:Proceedings of 15th International Congress on Catalysis, Munich, July 1-6, 2012.— 2012.— 4.02 7046
Outros autores: Bogdanchikova N., Simakov A., Zepeda T. A., Farias M. H., Avalos M., Pestryakov A. N. Aleksey Nikolaevich, Tuzovskaya I.
Summary:В фонде НТБ ТПУ отсутствует
Idioma:inglés
Publicado: 2012
Subjects:
Formato: MixedMaterials Capítulo de libro
KOHA link:https://koha.lib.tpu.ru/cgi-bin/koha/opac-detail.pl?biblionumber=598986

MARC

LEADER 00000naa0a2200000 4500
001 598986
005 20250408093114.0
035 |a (RuTPU)RU\TPU\tpu\22800 
035 |a RU\TPU\tpu\22799 
090 |a 598986 
100 |a 20130305d2012 k||y0rusy50 ba 
101 0 |a eng 
102 |a DE 
200 1 |a Effect of redox treatments on activation and deactivation of gold nanospecies on different supports  |f N. Bogdanchikova [et al.] 
333 |a В фонде НТБ ТПУ отсутствует 
463 |t Proceedings of 15th International Congress on Catalysis, Munich, July 1-6, 2012  |v 4.02 7046  |d 2012 
610 1 |a труды учёных ТПУ 
701 1 |a Bogdanchikova  |b N. 
701 1 |a Simakov  |b A. 
701 1 |a Zepeda  |b T. A. 
701 1 |a Farias  |b M. H. 
701 1 |a Avalos  |b M. 
701 1 |a Pestryakov  |b A. N.  |c Chemist  |c Professor of Tomsk Polytechnic University, Doctor of Chemical Science  |f 1963-  |g Aleksey Nikolaevich  |3 (RuTPU)RU\TPU\pers\30471  |4 070  |9 14796 
701 1 |a Tuzovskaya  |b I. 
801 1 |a RU  |b 63413507  |c 20130226 
801 2 |a RU  |b 63413507  |c 20130305  |g RCR 
942 |c BK